<?xml version="1.0" encoding="UTF-8"?>
<record
    xmlns:xsi="http://www.w3.org/2001/XMLSchema-instance"
    xsi:schemaLocation="http://www.loc.gov/MARC21/slim http://www.loc.gov/standards/marcxml/schema/MARC21slim.xsd"
    xmlns="http://www.loc.gov/MARC21/slim">

  <leader>00598nam a22001817a 4500</leader>
  <controlfield tag="003">OSt</controlfield>
  <controlfield tag="005">20260508003921.0</controlfield>
  <controlfield tag="008">260506b        |||||||| |||| 00| 0 eng d</controlfield>
  <datafield tag="020" ind1=" " ind2=" ">
    <subfield code="a">978-971-23-5199-0.</subfield>
  </datafield>
  <datafield tag="040" ind1=" " ind2=" ">
    <subfield code="a">DWCL-Main Lib</subfield>
    <subfield code="c">OC</subfield>
  </datafield>
  <datafield tag="082" ind1=" " ind2=" ">
    <subfield code="a">Fil. 950 D339 2009</subfield>
  </datafield>
  <datafield tag="100" ind1=" " ind2=" ">
    <subfield code="a">Delariarte, Clarissa F.</subfield>
  </datafield>
  <datafield tag="245" ind1=" " ind2=" ">
    <subfield code="a">Frontiers II : </subfield>
    <subfield code="b">worktext in asian history /</subfield>
    <subfield code="c">Delariarte, Clarissa F.</subfield>
  </datafield>
  <datafield tag="260" ind1=" " ind2=" ">
    <subfield code="a">Manila, Philippines :</subfield>
    <subfield code="b"> rex book Store, </subfield>
    <subfield code="c">c2009.</subfield>
  </datafield>
  <datafield tag="300" ind1=" " ind2=" ">
    <subfield code="a">vii, 322 pages ; </subfield>
    <subfield code="b">b &amp; w illustrations ;</subfield>
    <subfield code="c"> 25 cm.</subfield>
  </datafield>
  <datafield tag="504" ind1=" " ind2=" ">
    <subfield code="a">Includes glossary and index.</subfield>
  </datafield>
  <datafield tag="942" ind1=" " ind2=" ">
    <subfield code="2">ddc</subfield>
    <subfield code="c">BK - FIL</subfield>
    <subfield code="m">Fil.</subfield>
    <subfield code="n">0</subfield>
  </datafield>
  <datafield tag="952" ind1=" " ind2=" ">
    <subfield code="0">0</subfield>
    <subfield code="1">0</subfield>
    <subfield code="2">ddc</subfield>
    <subfield code="4">0</subfield>
    <subfield code="7">0</subfield>
    <subfield code="a">DWCLJHS</subfield>
    <subfield code="b">DWCLJHS</subfield>
    <subfield code="c">Fil</subfield>
    <subfield code="d">2009-06-09</subfield>
    <subfield code="e">Donation</subfield>
    <subfield code="l">0</subfield>
    <subfield code="o">Fil. 950 D339 2009</subfield>
    <subfield code="p">JHS - 15244</subfield>
    <subfield code="r">2026-05-06</subfield>
    <subfield code="t">c2</subfield>
    <subfield code="w">2026-05-06</subfield>
    <subfield code="y">BK - FIL</subfield>
    <subfield code="0"></subfield>
    <subfield code="@"></subfield>
    <subfield code="u"></subfield>
  </datafield>
  <datafield tag="952" ind1=" " ind2=" ">
    <subfield code="0">0</subfield>
    <subfield code="1">0</subfield>
    <subfield code="2">ddc</subfield>
    <subfield code="4">0</subfield>
    <subfield code="7">0</subfield>
    <subfield code="a">DWCLJHS</subfield>
    <subfield code="b">DWCLJHS</subfield>
    <subfield code="c">GS-Library</subfield>
    <subfield code="d">2009-06-09</subfield>
    <subfield code="e">Donation</subfield>
    <subfield code="l">0</subfield>
    <subfield code="o">Fil. 950 D339f 2009</subfield>
    <subfield code="p">JHS - 15243</subfield>
    <subfield code="r">2026-05-07</subfield>
    <subfield code="t">c1</subfield>
    <subfield code="w">2026-05-07</subfield>
    <subfield code="y">BK - FIL</subfield>
    <subfield code="0"></subfield>
    <subfield code="@"></subfield>
    <subfield code="u"></subfield>
  </datafield>
  <datafield tag="999" ind1=" " ind2=" ">
    <subfield code="c">10300</subfield>
    <subfield code="d">10300</subfield>
  </datafield>
</record>
